[Event "32nd Reggio Emilia it"]
[Site "Reggio Emilia ITA"]
[Date "1989.??.??"]
[Round "1"]
[White "Portisch, Lajos"]
[Black "Georgiev, Kiril"]
[Result "1/2-1/2"]
[WhiteElo "2610"]
[BlackElo "2590"]
[EventDate "1989.12.??"]
[PlyCount "94"]

1.d4 d5 2.c4 c6 3.Nc3 Nf6 4.Nf3 dxc4 5.a4 Bf5 6.e3 e6 7.Bxc4 Bb4 8.O-O 
Nbd7 9.Nh4 O-O 10.h3 Bg6 11.Nxg6 hxg6 12.Qc2 Rc8 13.Rd1 Qe7 14.a5 b5 15.
axb6 Nxb6 16.Ba6 Rc7 17.Bd2 Rd7 18.Nb1 Rc7 19.Bxb4 Qxb4 20.Na3 Nfd5 21.e4 
Nf6 22.Qe2 Rd8 23.Nc2 Qe7 24.b4 e5 25.dxe5 Rxd1+ 26.Rxd1 Qxe5 27.Rd4 Rd7 
28.Rxd7 Nbxd7 29.Bc8 Nb8 30.Qe3 Qc7 31.Bg4 Nxg4 32.hxg4 Nd7 33.Qd2 Nf6 34.
f3 c5 35.Qc3 Nd7 36.Ne3 Qb6 37.bxc5 Qxc5 38.Qxc5 Nxc5 39.Nc4 Kf8 40.Kf2 
Ke7 41.Ke3 g5 42.g3 f6 43.Kd4 Ne6+ 44.Kd5 Kd7 45.Ne3 Nc7+ 46.Kc5 Ne6+ 47.
Kd5 Nc7+ 1/2-1/2

[Event "32nd Reggio Emilia it"]
[Site "Reggio Emilia ITA"]
[Date "1989.??.??"]
[Round "3"]
[White "Portisch, Lajos"]
[Black "Beliavsky, Alexander"]
[Result "1/2-1/2"]
[WhiteElo "2610"]
[BlackElo "2640"]
[EventDate "1989.12.??"]
[PlyCount "33"]

1.Nf3 Nf6 2.c4 e6 3.Nc3 d5 4.d4 Be7 5.Bg5 h6 6.Bxf6 Bxf6 7.e3 O-O 8.Rc1 c6
9.Bd3 Nd7 10.O-O dxc4 11.Bxc4 e5 12.h3 exd4 13.exd4 Nb8 14.Bb3 Re8 15.Re1 
Bf5 16.Rxe8+ Qxe8 17.Qd2 1/2-1/2

[Event "32nd Reggio Emilia it"]
[Site "Reggio Emilia ITA"]
[Date "1989.??.??"]
[Round "4"]
[White "Beliavsky, Alexander"]
[Black "Karpov, Anatoly"]
[Result "0-1"]
[WhiteElo "2640"]
[BlackElo "2750"]
[EventDate "1989.12.??"]
[PlyCount "114"]

1.d4 Nf6 2.c4 e6 3.Nc3 Bb4 4.e3 O-O 5.Bd3 c5 6.Nf3 d5 7.O-O dxc4 8.Bxc4 
Nbd7 9.Ne2 cxd4 10.Nexd4 Qe7 11.a3 Bd6 12.Nb5 Bb8 13.Bd2 a6 14.Bb4 Nc5 15.
Nc3 Bd7 16.Qd4 Rc8 17.a4 Ba7 18.Qh4 Bc6 19.Ne5 Be8 20.Be2 Qc7 21.Nc4 Rd8 
22.a5 Nb3 23.Rad1 Bc5 24.Bxc5 Nxc5 25.Qg3 Qxg3 26.hxg3 Bc6 27.f3 Nb3 28.e4
Kf8 29.Kf2 Ke7 30.Ke3 Nh5 31.Kf2 Nf6 32.Rxd8 Rxd8 33.Bd1 Nd2 34.Nd5+ exd5 
35.Nxd2 dxe4 36.Nb1 exf3 37.Bxf3 Bxf3 38.gxf3 Rd5 39.Rc1 Rb5 40.Rc2 Kd7 
41.Nc3 Rxa5 42.Rd2+ Ke7 43.g4 Rc5 44.Ke3 h6 45.Kd4 Rc6 46.Rg2 Rd6+ 47.Ke5 
Nd7+ 48.Kf4 Nc5 49.Re2+ Kd7 50.Kg3 Rd3 51.Re5 Ne6 52.Ne4 Kc6 53.Rf5 f6 54.
Nxf6 Nd4 55.Nh5 Nxf5+ 56.gxf5 Rd7 57.Kf4 Re7 0-1

[Event "32nd Reggio Emilia it"]
[Site "Reggio Emilia ITA"]
[Date "1989.??.??"]
[Round "4"]
[White "Ehlvest, Jaan"]
[Black "Portisch, Lajos"]
[Result "1/2-1/2"]
[WhiteElo "2600"]
[BlackElo "2610"]
[EventDate "1989.12.??"]
[PlyCount "63"]

1.Nf3 Nf6 2.c4 c5 3.b3 e6 4.Bb2 b6 5.g3 Bb7 6.Bg2 Be7 7.O-O O-O 8.Nc3 d6 
9.e3 a6 10.Qe2 Nbd7 11.d4 Ne4 12.Nxe4 Bxe4 13.Rfd1 Qc7 14.Ne1 Bxg2 15.Nxg2
Nf6 16.Rac1 Qb7 17.dxc5 dxc5 18.Nf4 Rfd8 19.f3 Rxd1+ 20.Rxd1 Rd8 21.Rxd8+ 
Bxd8 22.Qd3 Be7 23.Kf2 b5 24.Qc3 b4 25.Qd2 Nd7 26.e4 Qc7 27.Nd3 h6 28.Ke2 
Bg5 29.Qe1 Bf6 30.Bxf6 Nxf6 31.e5 Nd7 32.Kf2 1/2-1/2

[Event "32nd Reggio Emilia it"]
[Site "Reggio Emilia ITA"]
[Date "1989.??.??"]
[Round "5"]
[White "Karpov, Anatoly"]
[Black "Ehlvest, Jaan"]
[Result "1/2-1/2"]
[WhiteElo "2750"]
[BlackElo "2600"]
[EventDate "1989.12.??"]
[PlyCount "32"]

1.d4 Nf6 2.c4 e6 3.Nf3 b6 4.g3 Ba6 5.b3 Bb4+ 6.Bd2 Be7 7.Bg2 c6 8.O-O d5 
9.Bc3 Nbd7 10.Nbd2 O-O 11.Qc2 c5 12.e4 dxc4 13.bxc4 cxd4 14.Bxd4 Qc7 15.e5
Ng4 16.Rfe1 Nh6 1/2-1/2

[Event "32nd Reggio Emilia it"]
[Site "Reggio Emilia ITA"]
[Date "1989.??.??"]
[Round "5"]
[White "Petursson, Margeir"]
[Black "Georgiev, Kiril"]
[Result "1/2-1/2"]
[WhiteElo "2530"]
[BlackElo "2590"]
[EventDate "1989.12.??"]
[PlyCount "132"]

1.d4 f5 2.g3 Nf6 3.Bg2 g6 4.Nf3 Bg7 5.c4 O-O 6.Nc3 d6 7.O-O Qe8 8.b3 h6 9.
Bb2 g5 10.Re1 Qg6 11.Qc2 Na6 12.a3 c6 13.b4 Nc7 14.a4 Qf7 15.Qd3 Ne4 16.b5
Be6 17.Nxe4 fxe4 18.Qxe4 Bxc4 19.bxc6 Bd5 20.Qc2 Bxc6 21.e4 e6 22.h4 Qg6 
23.hxg5 hxg5 24.Rac1 Rf7 25.d5 exd5 26.Bxg7 Qxg7 27.exd5 Bxd5 28.Qc3 Bc6 
29.Nd4 Qf6 30.Re2 Bxg2 31.Kxg2 Raf8 32.Rh1 Re8 33.Rc2 Na6 34.Re2 Re5 35.
Rhe1 Nc5 36.Qc4 Kg7 37.f3 Rfe7 38.Rxe5 Rxe5 39.Rxe5 Qxe5 40.g4 b6 41.Nf5+ 
Kf8 42.Qc1 Qf6 43.Qd1 Qb2+ 44.Kh3 Qh8+ 45.Kg2 Qb2+ 46.Kh3 Qe5 47.Nxd6 Ne6 
48.Nc4 Nf4+ 49.Kh2 Qd5 50.Qxd5 Nxd5 51.Nd6 a6 52.Ne4 a5 53.Kg3 Kg7 54.Kf2 
Kg6 55.Ke2 Nc7 56.Nd6 Kf6 57.Ke3 Ne6 58.Nc4 Nc5 59.Nxb6 Ke5 60.Nc4+ Kd5 
61.Nb6+ Kc6 62.Nc4 Kd5 63.Nb2 Nd7 64.f4 gxf4+ 65.Kxf4 Kd4 66.Kf5 Ne5 
1/2-1/2

[Event "32nd Reggio Emilia it"]
[Site "Reggio Emilia ITA"]
[Date "1989.??.??"]
[Round "6"]
[White "Gurevich, Mikhail"]
[Black "Petursson, Margeir"]
[Result "1-0"]
[WhiteElo "2590"]
[BlackElo "2530"]
[EventDate "1989.12.??"]
[PlyCount "65"]

1.d4 Nf6 2.c4 e6 3.Nc3 Bb4 4.Qc2 O-O 5.Nf3 c5 6.dxc5 Na6 7.g3 Nxc5 8.Bg2 
Nce4 9.O-O Nxc3 10.bxc3 Be7 11.e4 d6 12.e5 dxe5 13.Nxe5 Qc7 14.Qe2 Bd6 15.
Bf4 Nd7 16.Nxd7 Bxd7 17.Bxd6 Qxd6 18.Bxb7 Rab8 19.Rfd1 Qc7 20.Be4 Bc8 21.
Rd4 e5 22.Rd5 f5 23.Bg2 e4 24.Rad1 Be6 25.R5d4 Rbc8 26.Bf1 Qf7 27.Qe3 h6 
28.Rd6 Bxc4 29.Rd7 Qf6 30.R1d6 Qe5 31.Bxc4+ Rxc4 32.Qxa7 Rfc8 33.Re7 1-0

[Event "32nd Reggio Emilia it"]
[Site "Reggio Emilia ITA"]
[Date "1989.??.??"]
[Round "6"]
[White "Portisch, Lajos"]
[Black "Karpov, Anatoly"]
[Result "1/2-1/2"]
[WhiteElo "2610"]
[BlackElo "2750"]
[EventDate "1989.12.??"]
[PlyCount "31"]

1.Nf3 Nf6 2.c4 b6 3.g3 Bb7 4.Bg2 e6 5.O-O d5 6.cxd5 Nxd5 7.Nc3 Be7 8.Nxd5 
Bxd5 9.Re1 c5 10.e4 Bb7 11.d4 cxd4 12.Nxd4 O-O 13.Be3 Nd7 14.Qe2 Nc5 15.
Red1 Qe8 16.e5 1/2-1/2

[Event "32nd Reggio Emilia it"]
[Site "Reggio Emilia ITA"]
[Date "1989.??.??"]
[Round "8"]
[White "Beliavsky, Alexander"]
[Black "Ivanchuk, Vassily"]
[Result "1/2-1/2"]
[WhiteElo "2640"]
[BlackElo "2635"]
[EventDate "1989.12.??"]
[PlyCount "59"]

1.d4 Nf6 2.c4 e6 3.Nc3 Bb4 4.e3 O-O 5.Bd3 c5 6.Nf3 d5 7.O-O dxc4 8.Bxc4 
Nbd7 9.Qe2 b6 10.a3 cxd4 11.Nb5 d3 12.Bxd3 Be7 13.Rd1 Bb7 14.e4 Qb8 15.Bg5
Nc5 16.e5 Nxd3 17.Qxd3 Bxf3 18.Bxf6 Bxf6 19.Qxf3 Bg5 20.Rd7 Qxe5 21.Nxa7 
Qxb2 22.Rad1 Rad8 23.g3 Rxd7 24.Rxd7 Bf6 25.Nc6 h6 26.Kg2 Qb5 27.Rb7 Qc5 
28.Nb8 Rc8 29.Nd7 Qc3 30.Nxf6+ 1/2-1/2

[Event "32nd Reggio Emilia it"]
[Site "Reggio Emilia ITA"]
[Date "1989.??.??"]
[Round "9"]
[White "Georgiev, Kiril"]
[Black "Gurevich, Mikhail"]
[Result "1-0"]
[WhiteElo "2590"]
[BlackElo "2590"]
[EventDate "1989.12.??"]
[PlyCount "91"]

1.e4 e6 2.d4 d5 3.Nc3 Nf6 4.e5 Nfd7 5.f4 c5 6.Nf3 Nc6 7.Be3 a6 8.Qd2 b5 9.
h4 cxd4 10.Nxd4 Nxd4 11.Bxd4 Bb7 12.Bd3 Nc5 13.O-O-O Qa5 14.Kb1 b4 15.Ne2 
Be7 16.g4 Bc6 17.f5 Rb8 18.Nf4 Kd7 19.g5 Na4 20.Ka1 Bc5 21.Bxc5 Qxc5 22.
fxe6+ fxe6 23.Be2 Ke7 24.g6 h6 25.Rhf1 Rhf8 26.Nd3 Qd4 27.Rxf8 Kxf8 28.
Rf1+ Kg8 29.Qf4 Qxf4 30.Rxf4 Rf8 31.Rxb4 Bb5 32.b3 Nc3 33.Bg4 Rf1+ 34.Kb2 
a5 35.Bxe6+ Kh8 36.Rf4 Nd1+ 37.Kc1 Nf2+ 38.Kd2 Ne4+ 39.Ke3 Bxd3 40.cxd3 
Rxf4 41.Kxf4 Nc5 42.Bxd5 a4 43.e6 Nxe6+ 44.Bxe6 axb3 45.axb3 h5 46.Bc8 1-0

[Event "32nd Reggio Emilia it"]
[Site "Reggio Emilia ITA"]
[Date "1989.??.??"]
[Round "9"]
[White "Ivanchuk, Vassily"]
[Black "Ehlvest, Jaan"]
[Result "1/2-1/2"]
[WhiteElo "2635"]
[BlackElo "2600"]
[EventDate "1989.12.??"]
[PlyCount "52"]

1.e4 e6 2.d4 d5 3.Nc3 Nf6 4.Bg5 dxe4 5.Nxe4 Be7 6.Bxf6 Bxf6 7.Nf3 O-O 8.
Bc4 Nc6 9.c3 e5 10.d5 Nb8 11.O-O Bg4 12.h3 Bxf3 13.Qxf3 Be7 14.Bb5 a6 15.
Ba4 Nd7 16.Rad1 Bd6 17.b4 Nf6 18.Nxf6+ Qxf6 19.Qxf6 gxf6 20.Bc2 a5 21.b5 
Kh8 22.Rfe1 Rg8 23.Re3 Rg5 24.g4 h5 25.Bf5 hxg4 26.hxg4 b6 1/2-1/2

[Event "32nd Reggio Emilia it"]
[Site "Reggio Emilia ITA"]
[Date "1989.??.??"]
[Round "10"]
[White "Karpov, Anatoly"]
[Black "Petursson, Margeir"]
[Result "1-0"]
[WhiteElo "2750"]
[BlackElo "2530"]
[EventDate "1989.12.??"]
[PlyCount "79"]

1.Nf3 c5 2.c4 g6 3.d4 cxd4 4.Nxd4 Nc6 5.e4 Nf6 6.Nc3 d6 7.Be2 Nxd4 8.Qxd4 
Bg7 9.O-O O-O 10.Bg5 Be6 11.Qe3 Qb6 12.Rab1 Qxe3 13.Bxe3 Rfc8 14.b3 Bd7 
15.Rfd1 Bc6 16.f3 a5 17.Rbc1 Nd7 18.g3 Kf8 19.h4 h5 20.Kf2 Be5 21.Bf1 e6 
22.Rd2 Nc5 23.Bg2 Ke7 24.Ne2 b6 25.Rcd1 Rd8 26.Bg5+ Bf6 27.Bxf6+ Kxf6 28.
e5+ Ke7 29.Rxd6 Nb7 30.Nd4 Rxd6 31.exd6+ Kxd6 32.Nxc6+ Kxc6 33.f4+ Kc7 34.
Bxb7 Kxb7 35.Rd7+ Kc6 36.Rxf7 a4 37.Rf6 axb3 38.axb3 Ra2+ 39.Ke3 Kd6 40.
Kd4 1-0

[Event "32nd Reggio Emilia it"]
[Site "Reggio Emilia ITA"]
[Date "1989.??.??"]
[Round "11"]
[White "Andersson, Ulf"]
[Black "Portisch, Lajos"]
[Result "1-0"]
[WhiteElo "2620"]
[BlackElo "2610"]
[EventDate "1989.12.??"]
[PlyCount "120"]

1.Nf3 c5 2.c4 Nf6 3.g3 b6 4.Bg2 Bb7 5.O-O e6 6.Nc3 Be7 7.d4 cxd4 8.Qxd4 d6
9.Bg5 a6 10.Bxf6 Bxf6 11.Qf4 Bxf3 12.Qxf3 Ra7 13.Rfd1 O-O 14.Rac1 Rd7 15.
Qe3 Qc7 16.Na4 Rdd8 17.Qxb6 Qxb6 18.Nxb6 Bxb2 19.Rb1 Be5 20.e3 g5 21.Rd3 
g4 22.Ra3 Rfe8 23.h3 gxh3 24.Bxh3 Bg7 25.Bg2 Bf6 26.Rd1 Kg7 27.Kf1 Be7 28.
Ra4 Bf6 29.Bb7 Re7 30.Bxa6 Ra7 31.Bb5 Rb7 32.Na8 d5 33.Rd3 dxc4 34.Bxc4 
Rxd3 35.Bxd3 Nd7 36.Be4 Rb2 37.Nc7 Be5 38.Nxe6+ Kf6 39.Nd8 Nc5 40.Rc4 Nxe4
41.Rxe4 Rxa2 42.Nc6 Bd6 43.Rd4 Bc5 44.Rf4+ Kg7 45.Rc4 Bf8 46.Rd4 Bc5 47.
Rc4 Bb6 48.g4 f6 49.Ne7 Rd2 50.Rb4 Bc5 51.Nf5+ Kg8 52.Rb8+ Bf8 53.Nd4 Kf7 
54.Rb7+ Kg6 55.Ne6 Ba3 56.Rg7+ Kh6 57.Rf7 Kg6 58.Ra7 Bb4 59.Rg7+ Kh6 60.
Rg8 Bc3 1-0

[Event "32nd Reggio Emilia it"]
[Site "Reggio Emilia ITA"]
[Date "1989.??.??"]
[Round "11"]
[White "Georgiev, Kiril"]
[Black "Ehlvest, Jaan"]
[Result "0-1"]
[WhiteElo "2590"]
[BlackElo "2600"]
[EventDate "1989.12.??"]
[PlyCount "120"]

1.e4 e6 2.d4 d5 3.Nc3 Nf6 4.e5 Nfd7 5.f4 c5 6.Nf3 Nc6 7.Be3 cxd4 8.Nxd4 
Qb6 9.Qd2 Qxb2 10.Rb1 Qa3 11.Bb5 Nxd4 12.Bxd4 Bb4 13.O-O a6 14.Rb3 Qa5 15.
Bxd7+ Bxd7 16.Rfb1 Bc5 17.Rxb7 Rc8 18.R1b3 Ba4 19.Bxc5 Qxc5+ 20.Kh1 Qc4 
21.Rb1 O-O 22.Nxa4 Qxa4 23.c3 h6 24.h3 Qc4 25.R1b3 a5 26.Kh2 Qe4 27.g3 Rc4
28.h4 Rfc8 29.Rb8 Rxb8 30.Rxb8+ Kh7 31.Rb2 Kg6 32.Rc2 Qf3 33.Qe1 Qd3 34.
Rd2 Qxc3 35.Qd1 Kh7 36.h5 Qe3 37.Rg2 d4 38.Re2 Qf3 39.Rd2 Qe4 40.Re2 Qf3 
41.Rd2 Qe3 42.Re2 Rc1 43.Rxe3 Rxd1 44.Ra3 d3 45.Kg2 g6 46.g4 g5 47.fxg5 
hxg5 48.Kf2 d2 49.Rd3 Kg7 50.Rd4 Re1 51.Rxd2 Rxe5 52.Rd4 Rc5 53.Ke3 Rc3+ 
54.Ke4 Ra3 55.Rd7 Rxa2 56.h6+ Kg6 57.Kf3 Rh2 58.Ra7 Rxh6 59.Rxa5 Rh3+ 60.
Kg2 Rc3 0-1

[Event "32nd Reggio Emilia it"]
[Site "Reggio Emilia ITA"]
[Date "1989.??.??"]
[Round "11"]
[White "Ivanchuk, Vassily"]
[Black "Karpov, Anatoly"]
[Result "1/2-1/2"]
[WhiteElo "2635"]
[BlackElo "2750"]
[EventDate "1989.12.??"]
[PlyCount "61"]

1.e4 e5 2.Nf3 Nc6 3.Bb5 a6 4.Ba4 Nf6 5.O-O Be7 6.Re1 b5 7.Bb3 d6 8.c3 O-O 
9.h3 Nd7 10.d4 Bf6 11.Be3 Na5 12.Bc2 Nc4 13.Bc1 Bb7 14.a4 exd4 15.cxd4 c5 
16.axb5 cxd4 17.bxa6 Rxa6 18.Rxa6 Bxa6 19.Nxd4 Qb6 20.Nf5 Nxb2 21.Qxd6 
Qxd6 22.Nxd6 Nc5 23.Be3 Ncd3 24.Bxd3 Nxd3 25.Rd1 Rd8 26.Nf5 h5 27.Nd2 g6 
28.Ng3 Be5 29.Rb1 Nb2 30.Bg5 Re8 31.Nf3 1/2-1/2